Roblox Games Quiz - Statistics

General Stats
  • This quiz has been taken 932 times
    147 since last reset
  • The average score is 16 of 30
Answer Stats
Hint Answer % Correct
Adopt kids, pets, trade them (not the kids) and make money Adopt me!
98%
Roleplay with your friends, no gimmicks, no nothing Brookhaven
87%
Dress up and style your model and get on the podium Dress to Impress
83%
Collect fruits and battle foes in this anime-style fighting game Bloxfruits
80%
Climb a frustrating tower Tower of Hell
79%
Be assigned Murderer, Sheriff, or Innocent Murder Mystery 2
78%
Save kids, upgrade the fire, and survive the nighttime 99 Nights in the Forest
75%
Rob other players' weird characters and ragebait people Steal a Brainrot
75%
A botanical-based game that has the record for most simultaneous people playing an online game at one Grow a Garden
74%
Be a Jailer or be Jailed, and cooperate with your teammates. Jailbreak
71%
Make pizza in a nostalgic early-roblox game Work at a Pizza Place
70%
A horror game around solving rooms DOORS
59%
Collect keys, open passages, and evade the killer animal Piggy
59%
Ride the rails and look out for zombies Dead Rails
57%
Hack computers and evade the beast Flee the Facility
55%
Run away from scarily fast PNG's Evade
54%
Hit a ball back and forth so you don't die Blade Ball
53%
Roleplay and decorate your house, adopt cute blobs Meep City
53%
Live out your magical fairy dreams and also go to school Royal High
47%
A first person shooter game where you can duel other players RIVALS
46%
Minecraft-originated battle game surrounded around a piece of furniture Bedwars
44%
Shoot your way to the top using a variety of weapons Arsenal
43%
Merge and upgrade your many pets Pet Simulator X
42%
Fight other players with characters and powers from One-Punch man The Strongest Battleground
41%
Become an architect/interior designer; used to be Robux only Welcome to Bloxburg!
41%
Dress up your avatar however you'd like Catalog Avatar Creator
25%
A tower defense game with an odd name Toilet Tower Defense
21%
Roleplay in a stylish neighbourhood Berry Avenue RP
14%
Create your own roleplaying experience! Livetopia RP
9%
Defend off enemies using unique abilities and powers All Star Tower Defense
6%
No matching quizzes found
Score Distribution
Percent of People with Each Score
Percentile by Number Answered
Your Score History
You have not taken this quiz since the last reset